| 000 | 00622nam a2200169 i 4500 | ||
|---|---|---|---|
| 001 | 43970 | ||
| 003 | ES-MaACL | ||
| 005 | 20230906160923.0 | ||
| 007 | t| | ||
| 008 | 030320s1885 fr ||||1| fre d | ||
| 100 | 1 |
_aCicerón, Marco Tulio. _938748 |
|
| 245 | 1 | 0 |
_aDiscours de Cicerón contre Verrés _b: seconde action : livre V : De supplicus / _cMarco Tulio Cicerón ; avec un commentaire critique et explicatif, une introduction et un index par Emile Thomas. |
| 260 |
_aParis : _bHachette et Cie, _c1885 ( _fA. Zahure) |
||
| 300 |
_a165 p. ; _c25 cm. |
||
| 700 | 1 |
_aThomas, Emile. _9110006 |
|
| 852 |
_aES-MaACL _jF-12327 |
||
| 999 |
_c43970 _d43970 |
||